Ledové srdce /

Hlavní autor: Hoag, Tami, 1959-
Další autoři: Michnová, Drahomíra
Jazyk: Čeština
Vydáno: Praha : Knižní klub, 2016
Vydání: Vydání první
Témata:
Fyzický popis: 319 stran ; 21 cm
Knihy
Uloženo v:
LEADER 01526nam a2200445 i 4500
001 nkc20162831449
003 CZ PrNK
005 20170209144535.0
007 ta
008 160906s2016 xr g 000 f cze
015 |a cnb002831449 
020 |a 978-80-242-5578-1  |q (vázáno) 
035 |a (OCoLC)975023086 
040 |a OLA001  |b cze  |d ABA001  |e rda 
041 1 |a cze  |h eng 
072 7 |a 821.111(73)-3  |x Americká próza  |2 Konspekt  |9 25 
080 |a 821.111(73)-31  |2 MRF 
080 |a (0:82-312.4)  |2 MRF 
100 1 |a Hoag, Tami,  |d 1959-  |7 xx0022696  |4 aut 
240 1 0 |a Cold cold heart.  |l Česky 
245 1 0 |a Ledové srdce /  |c Tami Hoag ; z anglického originálu Cold cold heart ... přeložila Drahomíra Michnová 
250 |a Vydání první 
264 1 |a Praha :  |b Knižní klub,  |c 2016 
300 |a 319 stran ;  |c 21 cm 
336 |a text  |b txt  |2 rdacontent 
337 |a bez média  |b n  |2 rdamedia 
338 |a svazek  |b nc  |2 rdacarrier 
655 7 |a americké romány  |7 fd131796  |2 czenas 
655 7 |a detektivní romány  |7 fd132010  |2 czenas 
655 7 |a thrillery (romány)  |7 fd184206  |2 czenas 
655 9 |a American fiction  |2 eczenas 
655 9 |a detective novels  |2 eczenas 
655 9 |a thrillers (novels)  |2 eczenas 
700 1 |a Michnová, Drahomíra  |7 xx0009942  |4 trl 
910 2 |a BOA001  |b 2-1381.330 
928 9 |a Euromedia Group - Knižní klub 
990 |a BK 
995 |a 01 
991 |b 201702  |c NOV 
996 6 |b 2610695304  |c 2-1381.330  |l MZK  |r Sklad / do 1 hodiny  |n 4  |p p.v.  |w 001596861  |u 000010  |a 1  |e BOA001  |j MZK50  |s P